|
|
|
|
| LEADER |
01603nam a2200385 i 4500 |
| 001 |
EBC5526235 |
| 003 |
MiAaPQ |
| 005 |
20200520144314.0 |
| 006 |
m o d | |
| 007 |
cr cnu|||||||| |
| 008 |
181020s2018 xx o 000 0 eng d |
| 020 |
|
|
|z 9781787696976
|
| 020 |
|
|
|a 9781787696983 (e-book)
|
| 035 |
|
|
|a (MiAaPQ)EBC5526235
|
| 035 |
|
|
|a (Au-PeEL)EBL5526235
|
| 035 |
|
|
|a (OCoLC)1056063737
|
| 040 |
|
|
|a MiAaPQ
|b eng
|e rda
|e pn
|c MiAaPQ
|d MiAaPQ
|
| 043 |
|
|
|a a-cc---
|
| 050 |
|
4 |
|a HG187.C6
|b .M634 2018
|
| 082 |
0 |
|
|a 332.0951
|2 23
|
| 245 |
0 |
0 |
|a Modern aspects of financial engineering /
|c guest editor, Ahmet Goncu.
|
| 264 |
|
1 |
|a [Place of publication not identified] :
|b Emerald Publishing,
|c 2018.
|
| 300 |
|
|
|a 1 online resource (121 pages).
|
| 336 |
|
|
|a text
|b txt
|2 rdacontent
|
| 337 |
|
|
|a computer
|b c
|2 rdamedia
|
| 338 |
|
|
|a online resource
|b cr
|2 rdacarrier
|
| 490 |
0 |
|
|a China Finance Review International Series
|
| 588 |
|
|
|a Description based on print version record.
|
| 590 |
|
|
|a Electronic reproduction. Ann Arbor, MI : ProQuest, 2018. Available via World Wide Web. Access may be limited to ProQuest affiliated libraries.
|
| 650 |
|
0 |
|a Finance
|z China.
|
| 655 |
|
4 |
|a Electronic books.
|
| 700 |
1 |
|
|a Goncu, Ahmet,
|d 1979-
|e editor.
|
| 776 |
0 |
8 |
|i Print version:
|t Modern aspects of financial engineering.
|d [Place of publication not identified] : Emerald Publishing, 2018
|h 12 pages
|k China Finance Review International Series
|z 9781787696976
|
| 797 |
2 |
|
|a ProQuest (Firm)
|
| 856 |
4 |
0 |
|u https://ebookcentral.proquest.com/lib/matrademy/detail.action?docID=5526235
|z Click to View
|